000 00612nam a22001697a 4500
003 OSt
005 20171010095433.0
008 120521t xxu||||| |||| 00| 0 eng d
040 _aMMSU
_cULS
100 _aAquino, Kristine M.
_99546
245 _aEvaluation of zymomonas mobilis strains for ethanol production from sweet sorghum (Sorghum bicolor) jaggery
_cKristine M. Aquino
260 _c2007
300 _axv. 46 leaves
_c28 cm.
500 _aThesis (BS Biology) -- Mariano Marcos State University-College of Arts and Sciences, Batac City
504 _aBibliography: leaves 30-31
942 _2ddc
_cTHEDIS
999 _c9510
_d9510